000 01428nam a2200337 i 4500
001 000036059
003 DO-SdBNP
005 20251027142737.0
007 ta
008 111125s1998 dr r l000 0 spa d
020 _a8489539588
040 _aDO-SdBNP
_bspa
_cBNPHU
_erda
041 _aspa
082 4 _a920.07293
_bM385d 1998
_222
100 1 _aMartínez, Rufino,
_d1893-
_923201
_eautor
_4aut.
245 1 0 _aDiccionario biográfico-histórico dominicano (1821-1930) /
_cRufino Martínez ; edición corregida al cuidado de Diógenes Céspedes ; diseño sobrecubierta ; Miguel de Camps ; composición y diagramación, Yissel Casado ; presentación de Emilio Cordero Michel.
250 _aTercera edición
264 4 _aSanto Domingo, República Dominicana :
_bEditora De Colores, S.A.,
_c1998.
300 _a570, [14] páginas ;
_c28 cm.
336 _atexto
_btxt
_2rdacontent
337 _asin mediación
_bn
_2rdamedia
338 _avolumen
_bnc
_2rdacarrier
500 _aIncluye datos biográficos del autor en la contracubierta
590 _aInventariado, 2022/BT
651 4 _aRepública Dominicana
_xBiografías
_y1821-1930
_vDiccionarios
_962098
700 1 _aCéspedes, Diógenes,
_d1941-
_eedición
_4ed.
_920548
700 1 _aCasado, Yissel,
_ediagramación
_4diagr.
_943308
700 1 _aCordero Michel, Emilio
_epresentador
_4pr.
_986767
910 _aValidado. Control de calidad MFF
942 _2ddc
_cLBS1
999 _c35550
_d35550